A dialektikus logika történeti és elméleti vázlatok
Elmentve itt :
| Szerző: | |
|---|---|
| További közreműködők: | |
| Adatforrás: | Philobibl |
| Dokumentumtípus: | Könyv |
| Nyelv: | magyar |
| Kulcsszavak: | logika dialektika |
| Megjelent: |
Budapest
Kossuth Kiadó
1977
|
| LEADER | 00428nam a2200145 c 4500 | ||
|---|---|---|---|
| 001 | bibPHI0034548 | ||
| 005 | 20200924123342.4 | ||
| 008 | 090616s1977 hu hun | ||
| 100 | 1 | |a Iljenkov, E. | |
| 245 | 1 | 2 | |a A dialektikus logika |b történeti és elméleti vázlatok |c E. Iljenkov ; [fordította Láng Rózsa] |
| 260 | |a Budapest |b Kossuth Kiadó |c 1977 | ||
| 300 | |a 288 p. | ||
| 695 | |a logika | ||
| 695 | |a dialektika | ||
| 700 | 1 | |a Láng Rózsa | |